|
|
|
|
| LEADER |
00000nam0a2200000 4500 |
| 001 |
28627 |
| 005 |
20250109063126.0 |
| 035 |
|
|
|a (RuTPU)RU\TPU\book\28884
|
| 035 |
|
|
|a BOOK00000609
|
| 090 |
|
|
|a 28627
|
| 100 |
|
|
|a 20011209d1993 m||y0rusy50 ca
|
| 101 |
0 |
|
|a rus
|
| 102 |
|
|
|a RU
|
| 105 |
|
|
|a a j 001yy
|
| 181 |
|
0 |
|a i
|b e
|
| 182 |
|
0 |
|a n
|
| 183 |
|
0 |
|a nc
|2 RDAcarrier
|
| 200 |
1 |
|
|a Методика расчета оптимальных параметров проходческого цикла при проведении горноразведочных выработок
|e учебное пособие
|f В. Г. Лукьянов, А. Д. Громов
|g Томский политехнический университет
|
| 203 |
|
|
|a Текст
|b визуальный
|c непосредственный
|
| 210 |
|
|
|a Томск
|c Изд-во ТПУ
|d 1993
|
| 215 |
|
|
|a 84 с.
|c ил.
|
| 283 |
|
|
|a volume
|2 RDAcarrier
|
| 317 |
|
|
|5 63413507: КР-7904
|a Поступил в НТБ в 2023 г. в составе книжного собрания профессора В. Г. Лукьянова
|
| 320 |
|
|
|a Литература: с. 84
|
| 330 |
|
|
|a В учебном пособии излагаются вопроси планирования параметров технологических схем при проведении горизонтальных горно-разведочных выработок. Приведена дифференциация проходок по группам. Даны уравнения расчета основных параметров проходического цикла и номограмм, построенные на базе этих уравнений и др. Пособие подготовлено на кафедре горного дела ТПУ и предназначено для студентов очного и заочного обучения специальности 0801, 0806. Может быть полезно горным инженерам, работникам нормативно -исследовательских партий специализированных: технологических групп, занимающихся исследованиями и проектированием в области горно-разведочных выработок.
|
| 606 |
1 |
|
|a Проходка горноразведочных выработок
|x Техническое нормирование
|x Расчеты
|9 71356
|
| 610 |
1 |
|
|a горное дело
|
| 610 |
1 |
|
|a горноразведочные выработки
|
| 610 |
1 |
|
|a проходка
|
| 610 |
1 |
|
|a расчеты
|
| 610 |
1 |
|
|a параметры оптимальные
|
| 610 |
1 |
|
|a учебные пособия
|
| 610 |
1 |
|
|a труды учёных ТПУ
|
| 610 |
1 |
|
|a Библиотека В. Г. Лукьянова
|
| 675 |
|
|
|a 622.1:55(075.8)
|v 4
|
| 700 |
|
1 |
|a Лукьянов
|b В. Г.
|c горный инженер
|c профессор Томского политехнического университета, доктор технических наук
|f 1930-
|g Виктор Григорьевич
|3 (RuTPU)RU\TPU\pers\12910
|9 3695
|
| 701 |
|
1 |
|a Громов
|b А. Д.
|g Александр Дмитриевич
|
| 712 |
0 |
2 |
|a Томский политехнический университет
|c (1991-2009)
|7 ca
|8 rus
|3 (RuTPU)RU\TPU\col\376
|4 570
|9 23382
|
| 801 |
|
0 |
|a RU
|b 63413507
|c 20011209
|g PSBO
|
| 801 |
|
2 |
|a RU
|b 63413507
|c 20230628
|g PSBO
|
| 942 |
|
|
|c BK
|